[Event "Deutschland"]
[Site "?"]
[Date "2003.01.26"]
[Round "5.4"]
[White "Grund Holger"]
[Black "Romanov Oleg"]
[Result "0-1"]
[WhiteElo "2447"]
[BlackElo "2407"]
[PlyCount "74"]
[EventDate "2003.??.??"]
[Source "www.chesslib.no"]
[SourceDate "2004.05.04"]

1. e4 e5 2. Nf3 Nc6 3. Nc3 d6 4. Bc4 Na5 5. Bb5+ c6 6. Be2 c5 7. b4 cxb4 8. Nd5 Nf6 9. Bb5+ Bd7 10. Nxf6+ gxf6 11. Qe2 a6 12. Bxd7+ Qxd7 13. O-O Rc8 14. a3 bxa3 15. Rxa3 Nc4 16. Rb3 Na5 17. Ra3 Nc4 18. Ra1 Nb6 19. d4 Rg8 20. Rd1 Qg4 21. g3 Rc3 22. Ra3 Rxa3 23. Bxa3 f5 24. exf5 e4 25. Rb1 Nd7 26. Re1 d5 27. Bxf8 Kxf8 28. Nd2 Qxf5 29. f3 exf3 30. Nxf3 Qg4 31. Rf1 Rg6 32. Qd2 Kg7 33. Qb4 Rf6 34. Kg2 Ne5 35. h3 Qe4 36. Qc3 Nxf3 37. Rxf3 Qe2+ 0-1

[Event "Paris FRA"]
[Site "?"]
[Date "1996.??.??"]
[Round "2"]
[White "Leveille Francois"]
[Black "Nikcevic Nebojsa"]
[Result "1-0"]
[WhiteElo "2365"]
[BlackElo "2485"]
[PlyCount "109"]
[EventDate "1996.??.??"]
[Source "www.chesslib.no"]
[SourceDate "2004.05.04"]

1. e4 e5 2. Nf3 Nc6 3. Nc3 Bc5 4. Nxe5 Nxe5 5. d4 Bd6 6. dxe5 Bxe5 7. f4 Bxc3+ 8. bxc3 Nf6 9. e5 Ne4 10. Qd5 f5 11. Bd3 Qh4+ 12. g3 Qh3 13. Bxe4 fxe4 14. Ba3 Qe6 15. Qc5 Kd8 16. f5 b6 17. Qd4 Qxf5 18. Rf1 Qe6 19. Qxe4 d5 20. O-O-O Ke8 21. Rxd5 Bb7 22. Qxh7 Qh6+ 23. Qxh6 gxh6 24. Rd2 Rd8 25. e6 Rxd2 26. Kxd2 Bd5 27. Rf7 c5 28. Rxa7 Rf8 29. Rd7 Bxa2 30. Rd6 Rf2+ 31. Kd3 Rf3+ 32. Kd2 Rf2+ 33. Kc1 Rxh2 34. Rxb6 Rh5 35. Kb2 Bc4 36. Rc6 Re5 37. e7 Kxe7 38. Bxc5+ Kd7 39. Rd6+ Kc7 40. Bb4 Rg5 41. Rxh6 Kd7 42. Rd6+ Kc7 43. Rd4 Be6 44. Bd6+ Kc6 45. c4 Bg4 46. Kc3 Bc8 47. Bf4 Rg6 48. Rd8 Bf5 49. Rf8 Bh3 50. Kd4 Be6 51. Ra8 Bf5 52. c3 Re6 53. Be5 Re7 54. c5 Rh7 55. Ra6+ 1-0

[Event "Kobanya Open"]
[Site "Kobanya"]
[Date "1992.??.??"]
[Round "7"]
[White "Pugachov, Alexey"]
[Black "Frolov, Artur"]
[Result "1/2-1/2"]
[WhiteElo "2355"]
[BlackElo "2495"]
[PlyCount "90"]
[EventDate "1992.??.??"]
[Source "www.chesslib.no"]
[SourceDate "2004.05.04"]

1. e4 e5 2. Nf3 Nc6 3. Nc3 d6 4. d4 exd4 5. Nxd4 Be7 6. Bb5 Bd7 7. O-O Bf6 8. Nde2 Nge7 9. Nf4 Bxc3 10. bxc3 O-O 11. Rb1 Ne5 12. Be2 Bc6 13. Nd5 Nd7 14. c4 Nc5 15. Bb2 f6 16. Qd4 Ng6 17. Rbe1 Qd7 18. f4 Rae8 19. Bh5 Rd8 20. Rf3 b6 21. Rg3 Bxd5 22. Qxd5+ Qf7 23. Qf5 Qxc4 24. Rxg6 hxg6 25. Bxg6 Rf7 26. Qh5 Nd7 27. e5 fxe5 28. fxe5 dxe5 29. Qh7+ Kf8 30. Bxf7 Kxf7 31. Rf1+ Nf6 32. Qh5+ Kg8 33. Qxe5 Rd2 34. Qg5 Rd5 35. Qg3 Qc5+ 36. Kh1 Qb5 37. c4 Qxc4 38. Re1 Rf5 39. h3 Rf1+ 40. Rxf1 Qxf1+ 41. Kh2 Ne8 42. Qg6 Qf4+ 43. Kh1 Kf8 44. Qc6 a5 45. Ba3+ Nd6 1/2-1/2

[Event "Porto San Giorgio op"]
[Site "Porto San Giorgio"]
[Date "2000.08.27"]
[Round "8"]
[White "Todorov, Todor"]
[Black "Orlov, Andrey"]
[Result "1-0"]
[WhiteElo "2481"]
[BlackElo "2367"]
[PlyCount "81"]
[EventDate "2000.08.20"]
[Source "www.chesslib.no"]
[SourceDate "2004.05.04"]

1. e4 e5 2. Nf3 Nc6 3. Nc3 Bb4 4. Nd5 Be7 5. d4 d6 6. Bb5 Bd7 7. Bxc6 bxc6 8. Nxe7 Qxe7 9. dxe5 dxe5 10. O-O Nf6 11. Qd3 O-O 12. Re1 h6 13. Bd2 Bg4 14. Bc3 Rfd8 15. Qe3 Bxf3 16. Qxf3 Nd7 17. Rad1 f6 18. Qe3 Nb6 19. Qe2 Qc5 20. Qa6 Rdb8 21. Rd3 Qb5 22. Qa3 c5 23. b3 a5 24. Rg3 a4 25. Qc1 Kh8 26. Bd2 g5 27. h4 Rg8 28. hxg5 fxg5 29. Rh3 Rg6 30. Bxg5 Rag8 31. Rxh6+ Rxh6 32. Bxh6 Qc6 33. Qe3 Rg6 34. Bg5 Qd7 35. Bh4 c4 36. Bg3 Qg7 37. Qc5 Rg5 38. bxa4 Nxa4 39. Qxc4 Nb6 40. Qe6 Kh7 41. Rd1 1-0

[Event "AUT Ch"]
[Site "Austria"]
[Date "1991.??.??"]
[Round "?"]
[White "Wittmann, Walter"]
[Black "Fauland, Alexander"]
[Result "1-0"]
[WhiteElo "2370"]
[BlackElo "2475"]
[PlyCount "43"]
[EventDate "1991.??.??"]
[Source "www.chesslib.no"]
[SourceDate "2004.05.04"]

1. e4 e5 2. Nf3 Nc6 3. Nc3 Nge7 4. Bc4 Ng6 5. d4 exd4 6. Nxd4 Bb4 7. O-O O-O 8. Nd5 Ba5 9. Nb3 Bb4 10. a4 Ba5 11. Nxa5 Nxa5 12. Ba2 Nc6 13. f4 Re8 14. f5 Nge5 15. Qh5 h6 16. Bxh6 gxh6 17. Qxh6 Ng4 18. Qh5 Nce5 19. Rf4 d6 20. Rxg4+ Nxg4 21. Qxg4+ Kh8 22. Qh5+ 1-0

[Event "Elista ol (Men)"]
[Site "Elista"]
[Date "1998.09.30"]
[Round "2"]
[White "Hall, Jesper"]
[Black "Day, Lawrence A"]
[Result "1-0"]
[WhiteElo "2485"]
[BlackElo "2355"]
[PlyCount "109"]
[EventDate "1998.09.29"]
[Source "ChessBase"]
[SourceDate "1998.11.06"]

1. e4 e5 2. Nf3 Nc6 3. Nc3 d6 4. d4 Be7 5. Be2 Nf6 6. O-O O-O 7. h3 Re8 8. d5 Nb8 9. a4 Rf8 10. Be3 Ne8 11. Qd2 g6 12. Bh6 Ng7 13. Ng5 Nd7 14. a5 a6 15. Kh2 Qe8 16. Rae1 b6 17. axb6 cxb6 18. g3 b5 19. f4 Rb8 20. Nf3 Bd8 21. fxe5 dxe5 22. Nd1 Rb6 23. b3 Be7 24. Nf2 Bd6 25. Nd3 Qe7 26. c4 Nc5 27. Nxc5 Bxc5 28. cxb5 axb5 29. Rc1 Bb4 30. Qe3 Rb7 31. Rfd1 Rd8 32. Rc6 Ne8 33. Ne1 Nd6 34. Nd3 Ba5 35. Bf3 Bd7 36. Ra6 Bc7 37. Nc5 Rbb8 38. Rc1 Ra8 39. Bg5 f6 40. Rxa8 Rxa8 41. Bxf6 Ra2+ 42. Bg2 Qxf6 43. Nxd7 Qd8 44. Nxe5 Bb6 45. Qf3 Qe7 46. Rf1 Bc7 47. Nc6 Qe8 48. Qf6 Nf7 49. Qe6 Qxe6 50. dxe6 Ne5 51. e7 Ra8 52. Nd8 Rxd8 53. exd8=Q+ Bxd8 54. Ra1 Bf6 55. Ra8+ 1-0

[Event "Skopje op"]
[Site "Skopje"]
[Date "1998.12.13"]
[Round "2"]
[White "Ilic, Ljubomir"]
[Black "Mitkov, Nikola"]
[Result "0-1"]
[WhiteElo "2320"]
[BlackElo "2515"]
[PlyCount "116"]
[EventDate "1998.12.??"]
[Source "www.chesslib.no"]
[SourceDate "2004.05.04"]

1. e4 e5 2. Nf3 Nc6 3. Nc3 Bc5 4. Nxe5 Nxe5 5. d4 Bd6 6. dxe5 Bxe5 7. f4 Bxc3+ 8. bxc3 Nf6 9. Bd3 d5 10. e5 Ne4 11. Bxe4 dxe4 12. Qxd8+ Kxd8 13. Be3 f5 14. exf6 gxf6 15. f5 Bxf5 16. O-O Be6 17. Rxf6 Re8 18. Rd1+ Kc8 19. a3 b6 20. Rd4 Bg8 21. Rf4 Kb7 22. Rdxe4 Bd5 23. Rxe8 Rxe8 24. Kf2 Be4 25. g4 Bxc2 26. g5 Re5 27. h4 Ra5 28. Bc1 Rc5 29. Bd2 Bg6 30. Kg3 Re5 31. Rd4 Ra5 32. Bc1 Rb5 33. Rb4 Rc5 34. Bd2 a5 35. Rd4 Kc6 36. Kg4 Kb5 37. h5 Bc2 38. Kh4 c6 39. Rd6 Ka4 40. g6 hxg6 41. hxg6 Bxg6 42. Rxg6 Kxa3 43. Kg3 a4 44. Kf2 b5 45. Ke2 Kb3 46. c4 Rxc4 47. Kd1 a3 48. Rg3+ Kb2 49. Rg2 Kb1 50. Rg3 Kb2 51. Rg2 Rd4 52. Ke1 Kb1 53. Bc3 Rd3 54. Bg7 b4 55. Ke2 Rd7 56. Bf8 Rd4 57. Bg7 Rd5 58. Bf8 c5 0-1

[Event "FRA-chT"]
[Site "FRA"]
[Date "1998.02.06"]
[Round "1"]
[White "Tirard, Hugo"]
[Black "Anic, Darko"]
[Result "0-1"]
[WhiteElo "2380"]
[BlackElo "2455"]
[PlyCount "78"]
[EventDate "1998.02.06"]
[Source "ChessBase"]
[SourceDate "1998.07.07"]

1. e4 e5 2. Nf3 Nc6 3. Nc3 d6 4. d4 Bd7 5. Bb5 Nge7 6. d5 Nb8 7. a4 a5 8. Be3 Ng6 9. h4 Be7 10. h5 Nh4 11. Nxh4 Bxh4 12. Bxd7+ Nxd7 13. Qg4 Bf6 14. Ne2 Nc5 15. Bxc5 dxc5 16. Rh3 Qd7 17. Qf3 Ra6 18. Nc3 O-O 19. O-O-O Bg5+ 20. Kb1 Rf6 21. Qe2 Rf4 22. Rhd3 Qg4 23. f3 Qxh5 24. Nb5 Bd8 25. Qd2 Qg6 26. d6 c6 27. Na3 f5 28. exf5 Qxf5 29. Qc3 b6 30. d7 Rd4 31. Nc4 Qe6 32. Rxd4 exd4 33. Qb3 Kh8 34. Ka2 Bc7 35. Rh1 h6 36. g4 Qxd7 37. g5 Kh7 38. gxh6 gxh6 39. Qd3+ Qf5 0-1

[Event "Excelsior Cup"]
[Site "Gothenburg"]
[Date "2000.??.??"]
[Round "3"]
[White "Svensson, Bengt"]
[Black "Kallio, Heikki"]
[Result "1-0"]
[WhiteElo "2380"]
[BlackElo "2452"]
[PlyCount "61"]
[EventDate "2000.01.07"]
[Source "ChessBase"]
[SourceDate "2000.05.31"]

1. e4 e5 2. Nf3 Nc6 3. Nc3 Bc5 4. Nxe5 Nxe5 5. d4 Bd6 6. dxe5 Bxe5 7. Bd3 Ne7 8. f4 Bxc3+ 9. bxc3 d5 10. Ba3 f5 11. exf5 O-O 12. O-O b6 13. g4 c5 14. Qf3 g6 15. fxg6 Nxg6 16. f5 Ne5 17. Qg3 Nxd3 18. cxd3 d4 19. c4 Bb7 20. Rae1 Qd7 21. Bc1 Rae8 22. Bh6 Qc6 23. Bg5 h6 24. Be7 Rf7 25. Re6 Rexe7 26. Rxc6 Bxc6 27. Re1 Rxe1+ 28. Qxe1 b5 29. Qe6 Bd7 30. Qd5 bxc4 31. Qxc4 1-0

[Event "SUI-chT"]
[Site "SUI"]
[Date "1995.??.??"]
[Round "2"]
[White "Forster, Richard"]
[Black "Miralles, Gilles"]
[Result "0-1"]
[WhiteElo "2370"]
[BlackElo "2455"]
[PlyCount "64"]
[EventDate "1995.??.??"]
[Source "ChessBase"]

1. e4 e5 2. Nf3 Nc6 3. Nc3 d6 4. d4 Bg4 5. d5 Nd4 6. Be3 Nxf3+ 7. gxf3 Bd7 8. Qd2 Ne7 9. f4 Ng6 10. f5 Nh4 11. O-O-O Be7 12. Qe2 g6 13. Rg1 h6 14. f4 Bf6 15. fxe5 Bxe5 16. Bd4 Qf6 17. Nb5 Bxd4 18. Nxd4 O-O 19. Qf2 Kh8 20. Rd3 Rfe8 21. Rg4 g5 22. Nf3 Nxf3 23. Rxf3 Re5 24. h4 Rg8 25. Rh3 Kg7 26. hxg5 hxg5 27. Qh2 Bxf5 28. exf5 Re1+ 29. Kd2 Rxf1 30. Rh7+ Kf8 31. Qh6+ Qxh6 32. Rxh6 Rxf5 0-1

[Event "Decin Open"]
[Site "Decin CZE"]
[Date "1995.??.??"]
[Round "5"]
[White "Votava, Jan"]
[Black "Buturin, Vladimir"]
[Result "1-0"]
[WhiteElo "2395"]
[BlackElo "2430"]
[PlyCount "51"]
[EventDate "1995.??.??"]
[Source "www.chesslib.no"]
[SourceDate "2004.05.04"]

1. e4 e5 2. Nf3 Nc6 3. Nc3 Bc5 4. Nxe5 Nxe5 5. d4 Bd6 6. dxe5 Bxe5 7. f4 Bxc3+ 8. bxc3 Nf6 9. e5 Qe7 10. Qe2 Nd5 11. Qe4 Qc5 12. c4 Nb4 13. Bd3 Qc6 14. Qe2 Nxd3+ 15. cxd3 b6 16. Bb2 Ba6 17. O-O O-O-O 18. Qf3 Rhe8 19. Rac1 d5 20. Bd4 Qa4 21. Bf2 Kb8 22. c5 Qa3 23. Rfd1 d4 24. Bh4 Rc8 25. Qd5 Bxd3 26. Qf3 1-0

[Event "San Francisco Open"]
[Site "San Francisco, CA USA"]
[Date "1995.??.??"]
[Round "?"]
[White "Shaked, Tal"]
[Black "Sevillano, Enrico"]
[Result "1-0"]
[WhiteElo "2385"]
[BlackElo "2440"]
[PlyCount "111"]
[EventDate "1995.??.??"]
[Source "www.chesslib.no"]
[SourceDate "2004.05.04"]

1. e4 e5 2. Nf3 Nc6 3. Nc3 Bc5 4. Nxe5 Nxe5 5. d4 Bd6 6. dxe5 Bxe5 7. Bd3 Bxc3+ 8. bxc3 Ne7 9. O-O O-O 10. f4 f5 11. e5 d5 12. exd6 cxd6 13. Bc4+ d5 14. Bb3 Be6 15. Re1 Rf6 16. Ba3 Ng6 17. Qd4 Kh8 18. g3 Bg8 19. Rad1 Qc7 20. Rd2 h6 21. Rde2 Kh7 22. Re3 Qc6 23. h4 h5 24. Be7 Nxe7 25. Rxe7 Kg6 26. R1e5 Rc8 27. Rxf5 Qxc3 28. Rg5+ Kh6 29. Qxc3 Rxc3 30. Rgxg7 Re6 31. Kf2 Rxe7 32. Rxe7 Bh7 33. Re3 Rc6 34. Bxd5 Rxc2+ 35. Re2 b5 36. Rxc2 Bxc2 37. Ke3 a5 38. Kd4 Kg7 39. Kc5 Bd3 40. Bc6 b4 41. Kb6 Bb1 42. Kxa5 Bxa2 43. Kxb4 Bf7 44. Kc5 Kf6 45. Kd6 Bg6 46. Bf3 Be8 47. Be2 Bg6 48. Kd7 Bf7 49. Bd3 Bb3 50. Ke8 Bf7+ 51. Kf8 Be6 52. Be2 Kg6 53. Ke7 Bf5 54. Bc4 Kh6 55. Be6 Bd3 56. f5 1-0

[Event "LTU-ch"]
[Site "Kaunas"]
[Date "2001.05.13"]
[Round "5"]
[White "Sarakauskas, Gediminas"]
[Black "Zapolskis, Antanas"]
[Result "1-0"]
[WhiteElo "2403"]
[BlackElo "2420"]
[PlyCount "59"]
[EventDate "2001.05.10"]
[Source "ChessBase"]
[SourceDate "2001.07.03"]

1. e4 e5 2. Nf3 Nc6 3. Nc3 d6 4. d4 Bg4 5. dxe5 Nxe5 6. Be2 Nxf3+ 7. Bxf3 Bxf3 8. Qxf3 Ne7 9. O-O Nc6 10. Qg3 Qd7 11. Nd5 O-O-O 12. Bd2 h5 13. h3 Re8 14. Rfe1 h4 15. Qg4 Qxg4 16. hxg4 Ne5 17. f3 h3 18. Bc3 hxg2 19. Kxg2 Ng6 20. Rh1 Rxh1 21. Rxh1 c6 22. Nb4 d5 23. exd5 Nf4+ 24. Kf1 c5 25. Bd2 Ne2 26. Rh8 Nd4 27. Nd3 Nxf3 28. Bf4 c4 29. Nc5 Rd8 30. d6 1-0

[Event "Yerevan ol (Men)"]
[Site "Yerevan"]
[Date "1996.??.??"]
[Round "11"]
[White "Imanaliev, Taalaibek"]
[Black "Oblitas Guerrero, Carlomagno"]
[Result "1/2-1/2"]
[WhiteElo "2395"]
[BlackElo "2420"]
[PlyCount "103"]
[EventDate "1996.09.??"]
[Source "www.chesslib.no"]
[SourceDate "2004.05.04"]

1. e4 e5 2. Nf3 Nc6 3. Nc3 d6 4. Bc4 Bg4 5. h3 Be6 6. Bxe6 fxe6 7. d4 exd4 8. Nxd4 Qd7 9. Be3 Nf6 10. Qe2 Be7 11. O-O-O O-O 12. f4 d5 13. Nxe6 Qxe6 14. exd5 Qf7 15. dxc6 bxc6 16. Qf3 Qc4 17. Rd4 Qe6 18. Re1 c5 19. Rdd1 Qf7 20. Qc6 Bd6 21. Bxc5 Qc4 22. Na4 Qxa2 23. Bxd6 cxd6 24. Nc3 Qa1+ 25. Nb1 Rab8 26. Qc3 Qa2 27. Rd4 Qf7 28. Rxd6 Qb7 29. Qb3+ Qxb3 30. cxb3 Nh5 31. f5 Rxf5 32. Nc3 Rf2 33. g4 Nf6 34. Re7 h6 35. Rxa7 Rxb3 36. Nd5 Nxd5 37. Rxd5 Rxh3 38. Kb1 Rg2 39. g5 Rxg5 40. Rxg5 hxg5 41. Kc2 Kh7 42. b4 g4 43. Kd2 Rb3 44. Ke2 Kh6 45. Kf2 g6 46. Ra5 g5 47. Ra8 g3+ 48. Kg2 Kh5 49. Kh3 g2+ 50. Kxg2 Kh4 51. Ra2 Rg3+ 52. Kh2 1/2-1/2

[Event "Chigorin mem"]
[Site "St Petersburg"]
[Date "1999.11.08"]
[Round "7"]
[White "Solovjov, Sergey"]
[Black "Stjazhkina, Olga"]
[Result "1/2-1/2"]
[WhiteElo "2467"]
[BlackElo "2343"]
[PlyCount "105"]
[EventDate "1999.11.02"]
[Source "ChessBase"]
[SourceDate "2000.02.01"]

1. e4 e5 2. Nf3 Nc6 3. Nc3 Bc5 4. g3 d6 5. Bg2 Bg4 6. h3 Be6 7. d3 f6 8. Na4 Qd7 9. Nxc5 dxc5 10. Be3 b6 11. a3 a5 12. O-O Nge7 13. Kh2 g5 14. b4 axb4 15. axb4 Rxa1 16. Qxa1 Nxb4 17. Nxe5 fxe5 18. Qxe5 O-O 19. Qxg5+ Ng6 20. Rc1 Qa4 21. f4 Nxc2 22. f5 Nxe3 23. Qxe3 Bf7 24. e5 Qa2 25. e6 Be8 26. Rf1 Qb2 27. Kg1 Qe5 28. Qxe5 Nxe5 29. f6 c6 30. g4 h6 31. Be4 b5 32. Kf2 b4 33. Kg3 b3 34. h4 b2 35. g5 Bh5 36. e7 Ra8 37. g6 b1=Q 38. f7+ Nxf7 39. gxf7+ Bxf7 40. Rxb1 Re8 41. Rb7 Bd5 42. Bg6 Bf7 43. h5 Kg7 44. Kf4 Kf6 45. Bxf7 Kxf7 46. Kf5 Rxe7 47. Rxe7+ Kxe7 48. Kg6 Ke6 49. Kxh6 Kf6 50. Kh7 Kf7 51. h6 c4 52. dxc4 c5 53. Kh8 1/2-1/2

[Event "It (open)"]
[Site "Senta (Serbia)"]
[Date "2007.07.22"]
[Round "2"]
[White "Hrzica Rok (SLO)"]
[Black "Lajthajm Borko (SCG)"]
[Result "0-1"]
[WhiteElo "2296"]
[BlackElo "2511"]
[PlyCount "114"]
[EventDate "2007.??.??"]
[Source "www.chesslib.no"]
[SourceDate "2004.05.04"]

1. e4 e5 2. Nf3 Nc6 3. Nc3 d6 4. d4 Bg4 5. dxe5 dxe5 6. Qxd8+ Rxd8 7. Bb5 Bb4 8. Bd2 f6 9. Nd5 Bxf3 10. Bxb4 Bxe4 11. Bxc6+ bxc6 12. Nxc7+ Kf7 13. f3 Bf5 14. Na6 Ne7 15. Bxe7 Kxe7 16. c3 Rd6 17. Rd1 Rhd8 18. Rxd6 Rxd6 19. Nc5 h5 20. Ke2 Rd5 21. b4 g5 22. a3 Bg6 23. Rd1 f5 24. Nd3 Kf6 25. Rd2 Bf7 26. Nc5 g4 27. Nd7+ Ke6 28. Nc5+ Ke7 29. h3 gxf3+ 30. gxf3 h4 31. Rxd5 Bxd5 32. Nd3 Bc4 33. Ke3 Kf6 34. a4 f4+ 35. Kd2 Kf5 36. Nf2 Bb3 37. a5 Bd5 38. Ke2 a6 39. Nd1 Bc4+ 40. Ke1 e4 41. fxe4+ Kxe4 42. Nf2+ Kf3 43. Ng4 Kg2 44. Ne5 Be6 45. Nd3 Kg3 46. Nf2 Kg2 47. Nd3 f3 48. Nf2 Bxh3 49. c4 Bd7 50. Nd3 h3 51. Nf4+ Kg1 52. Nd3 h2 53. Nf2 Kg2 54. c5 Bf5 55. b5 cxb5 56. c6 b4 57. c7 b3 0-1

[Event "Essen op"]
[Site "Essen"]
[Date "2000.??.??"]
[Round "4"]
[White "Fridman, Rafael"]
[Black "Schebler, Gerhard"]
[Result "1/2-1/2"]
[WhiteElo "2328"]
[BlackElo "2477"]
[PlyCount "52"]
[EventDate "2000.??.??"]
[Source "www.chesslib.no"]
[SourceDate "2004.05.04"]

1. e4 e5 2. Nf3 Nc6 3. Nc3 Bb4 4. Nd5 Be7 5. d4 exd4 6. Nxd4 Nxd4 7. Qxd4 Nf6 8. Nxe7 Qxe7 9. Bd3 d5 10. Bg5 dxe4 11. Bxf6 gxf6 12. Qxe4 f5 13. Qxe7+ Kxe7 14. f4 Be6 15. Kf2 Kf6 16. Rhe1 Rad8 17. a3 c5 18. Rad1 Rd4 19. g3 Rhd8 20. Be2 Rxd1 21. Rxd1 Rxd1 22. Bxd1 h6 23. Ke3 Ke7 24. Kd3 Kd6 25. Kc3 b6 26. Be2 Kc6 1/2-1/2

[Event "Bankia Open"]
[Site "Bankia"]
[Date "1990.??.??"]
[Round "8"]
[White "Orev, Petar"]
[Black "Frolov, Artur"]
[Result "0-1"]
[WhiteElo "2330"]
[BlackElo "2475"]
[PlyCount "84"]
[EventDate "1990.??.??"]
[Source "www.chesslib.no"]
[SourceDate "2004.05.04"]

1. e4 e5 2. Nf3 Nc6 3. Nc3 d6 4. d4 Bg4 5. d5 Nd4 6. Be3 Nxf3+ 7. gxf3 Bd7 8. Qd2 Ne7 9. f4 exf4 10. Bxf4 Ng6 11. O-O-O Nxf4 12. Qxf4 Be7 13. Rg1 Bf6 14. Bb5 Bxc3 15. Bxd7+ Qxd7 16. bxc3 f6 17. Qg4 Qxg4 18. Rxg4 O-O 19. Rdg1 g6 20. Rf4 Rae8 21. Rg3 Re5 22. h4 Kg7 23. Re3 Rf7 24. c4 f5 25. exf5 Rfxf5 26. Rxe5 Rxf4 27. Re7+ Rf7 28. Re8 b6 29. Rc8 Kh6 30. Ra8 a5 31. Ra7 Rd7 32. Kd2 Kh5 33. Ke3 Kxh4 34. c5 dxc5 35. Ke4 Kg5 36. c4 h5 37. a4 h4 38. f4+ Kg4 39. Ke5 h3 40. Ke6 Rh7 41. d6 h2 42. Rxc7 Rxc7 0-1

[Event "Deutschland"]
[Site "?"]
[Date "2003.01.13"]
[Round "4.3"]
[White "Berov Arkady"]
[Black "Romanov Oleg"]
[Result "1/2-1/2"]
[WhiteElo "2393"]
[BlackElo "2407"]
[PlyCount "46"]
[EventDate "2003.??.??"]
[Source "www.chesslib.no"]
[SourceDate "2004.05.04"]

1. e4 e5 2. Nf3 Nc6 3. Nc3 d6 4. d4 exd4 5. Nxd4 Nf6 6. Nxc6 bxc6 7. Bd3 Be7 8. O-O O-O 9. b3 Nd7 10. Bb2 Nc5 11. Bc4 Bf6 12. Re1 Re8 13. f3 a5 14. a4 Ne6 15. Rb1 Be5 16. Ne2 Bxb2 17. Rxb2 Bb7 18. Rb1 Qg5 19. Qc1 Qc5+ 20. Kh1 d5 21. Bd3 Qd6 22. Ng3 Nc5 23. Qb2 Qe5 1/2-1/2

[Event "Finjub30 IM"]
[Site "Finjub30 IM"]
[Date "1992.??.??"]
[Round "?"]
[White "Martin, Brian"]
[Black "Kivimaki, Jaakko"]
[Result "0-1"]
[WhiteElo "2300"]
[BlackElo "2495"]
[PlyCount "118"]
[EventDate "1992.??.??"]
[Source "www.chesslib.no"]
[SourceDate "2004.05.04"]

1. e4 e5 2. Nc3 Nc6 3. Nf3 g6 4. d4 exd4 5. Nxd4 Bg7 6. Be3 d6 7. Qd2 Nf6 8. f3 O-O 9. O-O-O Re8 10. g4 d5 11. g5 Nh5 12. Nxd5 Nxd4 13. Bxd4 Bxd4 14. Qxd4 Qxg5+ 15. Qd2 Qd8 16. Qh6 Qd6 17. Bc4 Bh3 18. Rhg1 Kh8 19. Rg3 Bc8 20. Rg5 Qxh2 21. Kb1 Rd8 22. Rgg1 Bh3 23. Rh1 Qg3 24. e5 Qxf3 25. Rde1 Rxd5 26. Bxd5 Qxd5 27. Rxh3 Qe6 28. Rb3 b6 29. Rf3 Kg8 30. Rc3 Qe7 31. Rh3 Kh8 32. a3 Qf8 33. Qe3 Qe7 34. Qc3 Ng7 35. e6 Kg8 36. exf7+ Qxf7 37. Rf3 Nf5 38. Rxf5 Qxf5 39. Re7 Qf8 40. Rxc7 Rd8 41. Qc4+ Kh8 42. Rf7 Qc5 43. Qf4 Qd6 44. Qf2 a5 45. Ra7 Qd1+ 46. Ka2 Qd4 47. Qh2 Rd7 48. Qb8+ Kg7 49. Rxd7+ Qxd7 50. Qxb6 Qd5+ 51. b3 h5 52. c4 Qd2+ 53. Kb1 h4 54. c5 h3 55. c6 Qd3+ 56. Kb2 Qe2+ 57. Kc3 Qf3+ 58. Kc4 h2 59. Qd4+ Qf6 0-1

[Event "RUS Team Ch"]
[Site "Podolsk RUS"]
[Date "1992.??.??"]
[Round "?"]
[White "Rodin, Mihail"]
[Black "Meister, Yakov"]
[Result "1-0"]
[WhiteElo "2350"]
[BlackElo "2445"]
[PlyCount "59"]
[EventDate "1992.??.??"]
[Source "www.chesslib.no"]
[SourceDate "2004.05.04"]

1. e4 e5 2. Nf3 Nc6 3. Nc3 d6 4. d4 exd4 5. Nxd4 g6 6. Be3 Bg7 7. Qd2 Nf6 8. O-O-O O-O 9. f3 Re8 10. g4 Nxd4 11. Bxd4 Be6 12. g5 Nh5 13. Bxg7 Nxg7 14. h4 Qe7 15. f4 c6 16. Be2 Rad8 17. Bf3 f6 18. h5 fxg5 19. hxg6 hxg6 20. Rdg1 Rf8 21. Rxg5 Qxg5 22. fxg5 Rxf3 23. b3 Rff8 24. Rh6 Bf7 25. Ne2 Rfe8 26. Nf4 Rxe4 27. Qh2 Kf8 28. Nxg6+ Bxg6 29. Rxg6 Kf7 30. Qh7 1-0

[Event "Deutschland"]
[Site "?"]
[Date "2002.11.17"]
[Round "2.5"]
[White "Middelburg Tom"]
[Black "Romanov Oleg"]
[Result "1/2-1/2"]
[WhiteElo "2387"]
[BlackElo "2407"]
[PlyCount "41"]
[EventDate "2002.??.??"]
[Source "www.chesslib.no"]
[SourceDate "2004.05.04"]

1. e4 e5 2. Nf3 Nc6 3. Nc3 d6 4. d4 exd4 5. Nxd4 Nf6 6. Be2 Be7 7. O-O Bd7 8. f4 O-O 9. Bf3 Re8 10. h3 Bf8 11. g4 Nxd4 12. Qxd4 Bc6 13. Nd5 Nxd5 14. exd5 Bd7 15. Bd2 Be7 16. Qd3 c6 17. Bc3 Bf6 18. Rad1 Qb6+ 19. Bd4 Bxd4+ 20. Qxd4 Qxd4+ 21. Rxd4 1/2-1/2

[Event "Vadsosjakken Open"]
[Site "?"]
[Date "2000.??.??"]
[Round "2"]
[White "Kiselev Gennady"]
[Black "Feoktistov Alexey A"]
[Result "1/2-1/2"]
[WhiteElo "2420"]
[BlackElo "2373"]
[PlyCount "122"]
[EventDate "2000.??.??"]
[Source "www.chesslib.no"]
[SourceDate "2004.05.04"]

1. e4 e5 2. Nf3 Nc6 3. Nc3 Bc5 4. Nxe5 Nxe5 5. d4 Bd6 6. dxe5 Bxe5 7. Bc4 Nf6 8. O-O O-O 9. Qd3 c6 10. Bd2 b5 11. Bb3 a5 12. a3 Ba6 13. Nd1 c5 14. c4 bxc4 15. Bxc4 Bxh2+ 16. Kxh2 Ng4+ 17. Kg1 Ne5 18. Qg3 Nxc4 19. Bc3 f6 20. Re1 Re8 21. Ne3 Nxe3 22. Rxe3 d6 23. Rd1 Re6 24. f4 Qe7 25. f5 Rxe4 26. Rxe4 Qxe4 27. Bxf6 g6 28. fxg6 Qxg6 29. Qxd6 Rf8 30. Qe6+ Qf7 31. Qg4+ Qg6 32. Qe6+ Qf7 33. Qxa6 Qxf6 34. Qc4+ Kg7 35. Qxc5 Rf7 36. Rd4 h5 37. Kh2 Re7 38. Rd3 Qe5+ 39. Qxe5+ Rxe5 40. a4 Re4 41. b3 Re5 42. Rf3 Kg6 43. Kg3 Re4 44. Kf2 h4 45. Rc3 Rf4+ 46. Ke2 Rg4 47. Kf1 Rf4+ 48. Kg1 Kg5 49. Rc5+ Rf5 50. Rb5 Kg4 51. Rxf5 Kxf5 52. Kf2 Kg4 53. Ke2 Kg3 54. Kf1 Kg4 55. Kf2 Kf4 56. Ke2 Kg3 57. b4 axb4 58. a5 b3 59. Kd2 b2 60. Kc2 b1=Q+ 61. Kxb1 Kxg2 1/2-1/2

[Event "Czestochowa Open"]
[Site "Czestochowa"]
[Date "1992.??.??"]
[Round "4"]
[White "Nikolenko, Oleg"]
[Black "Murdzia, Piotr"]
[Result "1-0"]
[WhiteElo "2465"]
[BlackElo "2315"]
[PlyCount "67"]
[EventDate "1992.??.??"]
[Source "www.chesslib.no"]
[SourceDate "2004.05.04"]

1. e4 e5 2. Nf3 Nc6 3. Nc3 Bc5 4. Nxe5 Nxe5 5. d4 Bd6 6. dxe5 Bxe5 7. Bd2 d6 8. f4 Bd4 9. Qf3 Nf6 10. h3 O-O 11. O-O-O Re8 12. Bd3 c6 13. Ne2 Bc5 14. Bc3 b5 15. g4 b4 16. Bd4 Nd7 17. e5 Qb6 18. exd6 Bxd4 19. Nxd4 Bb7 20. Be4 Rxe4 21. Qxe4 c5 22. Qe7 Bxh1 23. Qxd7 cxd4 24. Rxh1 d3 25. Re1 d2+ 26. Kxd2 Qf2+ 27. Kd1 Qd4+ 28. Kc1 Qxf4+ 29. Kb1 h6 30. Qe7 Qd2 31. d7 a5 32. b3 Kh7 33. Rf1 a4 34. Qe4+ 1-0

[Event "SUI Team Ch"]
[Site "Switzerland"]
[Date "1991.??.??"]
[Round "?"]
[White "Trepp, Markus"]
[Black "Costa, Jean-Luc"]
[Result "1-0"]
[WhiteElo "2375"]
[BlackElo "2405"]
[PlyCount "65"]
[EventDate "1991.??.??"]
[Source "www.chesslib.no"]
[SourceDate "2004.05.04"]

1. e4 e5 2. Nf3 Nc6 3. Nc3 Bb4 4. Nd5 Ba5 5. c3 Nf6 6. d4 Nxd5 7. exd5 Nxd4 8. Nxe5 Nf5 9. Bd3 d6 10. Nc4 Bb6 11. O-O O-O 12. a4 Qf6 13. Qf3 a6 14. Nxb6 cxb6 15. Be3 Nxe3 16. Qxf6 gxf6 17. fxe3 Kg7 18. Rf3 f5 19. Raf1 f6 20. Rg3+ Kh8 21. Rf4 a5 22. Bb5 Rf7 23. Kf2 Bd7 24. Bxd7 Rxd7 25. Rxf5 Rf8 26. Rgf3 Kg7 27. g4 h6 28. h4 Rff7 29. c4 Rc7 30. R3f4 Rfe7 31. Kf3 Kg6 32. g5 hxg5 33. hxg5 1-0

[Event "EU-chT (Women)"]
[Site "Pula"]
[Date "1997.??.??"]
[Round "9"]
[White "Lalic, Susan"]
[Black "Kachiani Gersinska, Ketino"]
[Result "1/2-1/2"]
[WhiteElo "2405"]
[BlackElo "2375"]
[PlyCount "25"]
[EventDate "1997.05.05"]
[Source "ChessBase"]

1. e4 e5 2. Nf3 Nc6 3. Nc3 Bc5 4. Nxe5 Nxe5 5. d4 Bd6 6. dxe5 Bxe5 7. f4 Bxc3+ 8. bxc3 Qe7 9. Bd3 Qc5 10. Rb1 d6 11. Rb5 Qxc3+ 12. Bd2 Qd4 13. Rd5 1/2-1/2